| 000 | 00519nam a2200193Ia 4500 | ||
|---|---|---|---|
| 003 | GCL | ||
| 008 | 140319s9999 xx 000 0 ara d | ||
| 040 |
_aGCL / _cGCL |
||
| 082 | 0 | 4 |
_a823.03 _bه ع |
| 100 | 1 | _aمحمد ابراهيم زكى | |
| 245 | 1 | 0 |
_aعمدة كاستر بردج / _cمحمد ابراهيم زكى |
| 700 | 1 | _aهاردى | |
| 700 | 1 | _aتوماس | |
| 300 | _a297 | ||
| 490 |
_aالالف كتاب _v0 |
||
| 650 | 0 | 4 | _aالادب الانجليزى |
| 650 | 0 | 4 | _aالقصص |
| 942 |
_2ddc _cBK |
||
| 999 |
_c44171 _d44171 |
||